LEADER 01207nam a2200265 4500 001 000000340758 003 CaOOAMICUS 005 20200625091755.0 008 200625s1721 it 000 u lat r 026 $au*ui i.e- o.s, EtEm (3) 1721 (R)$a[*= ae] 040 $aSeMil$bita 110 21$aOratorio di Penitenza in San Fedele .$0(OLS)http://semarc/name/111599 245 00$aPreci, che si dicono nell'Oratorio di Penitenza eretto in S. Fedele Casa professa de' RR. Padri della Compagnia di Giesł. 264 1$aIn Milano :$bNella Stampa di Carlo Bolzani,$c1721. 300 $a23, [1] p. ;$c4° 500 $aEmblema xilogr. dei Gesuiti sul front. 500 $aSegn.: A-C4 700 1 $aBolzani, Carlo,$c.$0(OLS)http://semarc/name/92507 752 $aIT$dMilano 850 $aSeMil 852 $aSeMil$W1$xVenegono$y1$m3Z V 13/5 FA$j219569$B231786$CSeMilBibl$Z2$F231786 $8I 941 1 $a10 996 $6245$aPreci, che si dicono nell'Oratorio di Penitenza eretto in S. Fedele Casa professa de' RR. Padri della Compagnia di Giesł$9(OLS)http://semarc/title/429845 996 $6264$aIn Milano :$bNella Stampa di Carlo Bolzani$9(OLS)http://semarc/publisher/56866 LEADER 01651nam a2200337 i 4500 001 000000120386 003 CaOOAMICUS 005 20031119000000.0 008 031119s1997 it u000 u ita u 013 $a93080 020 $a88-8053-051-8 040 $aSeMil$bita 100 1 $aConsilium per la Riforma Liturgica.$0(OLS)http://semarc/name/50108 245 10$aIstruzione sul culto del mistero eucaristico :$bEucharisticum mysterium : in appendice «Commento al Rito sul culto eucaristico» /$cguida alla lettura di Rinaldo Falsini. 260 $aMilano :$bO.R.,$c1997. 300 $a88 p. ;$c20 cm. 490 0 $aDocumenti della riforma 500 $aContiene : Appendice. - Fondo Card. C.M. Martini. 650 4$aEucaristia.$0(OLS)http://semarc/subject/3487 650 4$aEucharisticum mysterium - Commenti.$0(OLS)http://semarc/subject/22666 700 1 $aFalsini, Rinaldo,$c.$0(OLS)http://semarc/name/314 710 2 $aChiesa Cattolica : Congregazione dei riti.$0(OLS)http://semarc/name/552 774 0 $tCommento al Rito sul culto eucaristico.$w()304487 830 0$aDocumenti della riforma.$0(OLS)http://semarc/title/13922 850 $aSeMil 852 $aSeMil$W1$xVenegono$y1$m3K II 52$j75573$B75573$CSeMilBibl$Z2$F101106 $81 941 1 $a4 961 $aOmaggio: Martini Card. Carlo Maria 996 $6020$a88-8053-051-8$9(OLS)http://semarc/number/105613 996 $6245$aIstruzione sul culto del mistero eucaristico :$bEucharisticum mysterium : in appendice «Commento al Rito sul culto eucaristico»$9(OLS)http://semarc/title/177168 996 $6260$aMilano :$bO.R.$9(OLS)http://semarc/publisher/29789